| Tag |
First Indicator |
Second Indicator |
Subfields |
| LEADER |
00000cam a22000004a 4500 |
| 001 |
in00002528811 |
| 005 |
20151113115710.0 |
| 008 |
090501s2009 ncuab b s001 0beng |
| 010 |
|
|
|a 2009018550
|
| 020 |
|
|
|a 9780807833179 (cloth : alk. paper)
|
| 020 |
|
|
|a 0807833177 (cloth : alk. paper)
|
| 035 |
|
|
|a (OCoLC)ocn317929504
|
| 040 |
|
|
|a DLC
|c DLC
|d UtOrBLW
|
| 043 |
|
|
|a n-us---
|
| 049 |
|
|
|a TXAM
|
| 050 |
0 |
0 |
|a E672
|b .W38 2009
|
| 082 |
0 |
0 |
|a 973.8/2092
|a B
|2 22
|
| 100 |
1 |
|
|a Waugh, Joan.
|
| 245 |
1 |
0 |
|a U.S. Grant :
|b American hero, American myth /
|c Joan Waugh.
|
| 264 |
|
1 |
|a Chapel Hill :
|b University of North Carolina Press,
|c [2009]
|
| 264 |
|
4 |
|c ©2009
|
| 300 |
|
|
|a 373 pages :
|b illustrations, maps ;
|c 25 cm.
|
| 336 |
|
|
|a text
|b txt
|2 rdacontent
|
| 337 |
|
|
|a unmediated
|b n
|2 rdamedia
|
| 338 |
|
|
|a volume
|b nc
|2 rdacarrier
|
| 490 |
1 |
|
|a Civil War America
|
| 504 |
|
|
|a Includes bibliographical references and index.
|
| 505 |
0 |
|
|a The magnanimous general -- A great soldier might be a baby politician -- The most famous living American -- Historian of the union cause -- Pageantry of woe: the funeral of U.S. Grant -- The nation's greatest hero should rest in the nation's greatest city -- Who's [really] buried in Grant's tomb?
|
| 600 |
1 |
0 |
|a Grant, Ulysses S.
|q (Ulysses Simpson),
|d 1822-1885.
|
| 600 |
1 |
0 |
|a Grant, Ulysses S.
|q (Ulysses Simpson),
|d 1822-1885
|x Public opinion.
|
| 600 |
1 |
0 |
|a Grant, Ulysses S.
|q (Ulysses Simpson),
|d 1822-1885
|x Influence.
|
| 650 |
|
0 |
|a Presidents
|z United States
|v Biography.
|
| 650 |
|
0 |
|a Generals
|z United States
|v Biography.
|
| 610 |
1 |
0 |
|a United States.
|b Army
|v Biography.
|
| 651 |
|
0 |
|a United States
|x History
|y Civil War, 1861-1865
|x Public opinion.
|
| 650 |
|
0 |
|a Collective memory
|z United States.
|
| 650 |
|
0 |
|a Public opinion
|z United States.
|
| 830 |
|
0 |
|a Civil War America (Series)
|
| 945 |
|
|
|a PromptCat
|
| 946 |
|
|
|a stk
|
| 947 |
|
|
|a A14839981654
|
| 948 |
|
|
|a cataloged
|b h
|c 2009/12/14
|d c
|e dmitchel
|f 4:00:00 pm
|
| 994 |
|
|
|a 92
|b TXA
|
| 999 |
|
|
|a MARS
|
| 999 |
f |
f |
|s 828c564a-65d8-3bf4-805f-1ff3746a430a
|i c6ade145-653d-3a71-93f1-81a17c87a160
|t 0
|
| 952 |
f |
f |
|p normal
|a Texas A&M University
|b College Station
|c Sterling C. Evans Library
|d Evans: Library Stacks
|t 0
|e E672 .W38 2009
|h Library of Congress classification
|i unmediated -- volume
|m A14839981654
|
| 998 |
f |
f |
|a E672 .W38 2009
|t 0
|l Evans: Library Stacks
|